LEADER 00813nam0-22003131i-450- 001 990007963390403321 005 20041201095755.0 035 $a000796339 035 $aFED01000796339 035 $a(Aleph)000796339FED01 035 $a000796339 100 $a20041201d1937----km-y0itay50------ba 101 0 $aita 102 $aIT 105 $ay---j---001y- 200 1 $a<>coniglio$fFrancesco Maiocco 205 $a1. ed. 210 $aRoma$cRamo editoriale degli agricoltori$d1937 215 $a68 p.$d21 cm 610 0 $aConiglicoltura 676 $a636.932 700 1$aMaiocco,$bFrancesco$073252 801 0$aIT$bUNINA$gRICA$2UNIMARC 901 $aBK 912 $a990007963390403321 952 $a60 DONO NOVIELLO 29$b9772$fFAGBC 959 $aFAGBC 996 $aConiglio$9358908 997 $aUNINA LEADER 01162nam a2200277 i 4500 001 991001847169707536 005 20020503154219.0 008 940607s1982 it ||| | ita 020 $a882223071X 035 $ab10281186-39ule_inst 035 $aEXGIL92483$9ExL 040 $aBiblioteca Interfacoltà$bita 100 1 $aMorselli, Chiara$0214616 245 10$aArdea /$cChiara Morselli, Edoardo Tortorici ; lavoro eseguito e pubblicato con il contributo del C.N.R 260 $aFirenze :$bL. S. Olschki,$c1982 300 $a137 p. :$bill., 2 c. archeol. ;$c34 cm 490 0 $aForma Italiae ;$vRegio 1. vol. 16. 500 $aIn testa al front.: Unione accademica nazionale. Istituto di topografia antica dell'Università di Roma. 651 4$aArdea$xTopografia 700 1 $aTortorici, Edoardo$eauthor$4http://id.loc.gov/vocabulary/relators/aut$0290242 907 $a.b10281186$b17-02-17$c27-06-02 912 $a991001847169707536 945 $aLE002 Fondo Brown 338$g1$iLE002-6714N$lle002$o-$pE0.00$q-$rn$so $t0$u0$v0$w0$x0$y.i10333526$z27-06-02 996 $aArdea$91406014 997 $aUNISALENTO 998 $ale002$b01-01-94$cm$da $e-$fita$git $h0$i1 LEADER 01398nam 2200349z- 450 001 9910689685803321 005 20161209102127.0 035 $a(CKB)4920000000817568 035 $a(BIP)008926386 035 $a(EXLCZ)994920000000817568 100 $a20220316c2003uuuu -u- - 101 0 $aeng 200 10$aJohn Allen Muhammad, document fraud, and the Western Hemisphere passport exception $ehearing before the Subcommittee on Immigration, Border Security, and Claims of the Committee on the Judiciary, House of Representatives, One Hundred Eighth Congress, first session, May 13, 2003 210 $cWashington: U.S. G.P.O. 215 $a1 online resource (iii, 61 p.) $cill 311 $a0-16-070349-2 517 $aJohn Allen Muhammad, document fraud, and the Western Hemisphere passport exception 606 $aPassports$zUnited States 606 $aInternational travel regulations$zUnited States 606 $aLegal documents$xForgeries$zUnited States 610 $aPassports 610 $aInternational travel regulations 610 $aLegal documents 610 $aTravel 610 $aLaw 615 0$aPassports 615 0$aInternational travel regulations 615 0$aLegal documents$xForgeries 906 $aBOOK 912 $a9910689685803321 996 $aJohn Allen Muhammad, document fraud, and the Western Hemisphere passport exception$93220981 997 $aUNINA